Los atributos de la jefatura del hogar /

Gespeichert in:
Bibliographische Detailangaben
1. Verfasser: Muñiz M, Patricia
Weitere Verfasser: Hernández F, Daniel
Format: Text
Schlagworte:
Tags: Tag hinzufügen
Keine Tags, Fügen Sie den ersten Tag hinzu!

MARC

LEADER 00000 a a2200000 04500
001 7562
003
040
100 |a Muñiz M, Patricia  
245 |a Los atributos de la jefatura del hogar /  |c Patricia Muñiz M ; Daniel Hernández F 
650 |a MUJERES  
650 |a COMPOSICION FAMILIAR  
650 |a FAMILIA  
650 |a INGRESO  
650 |a HOMBRES  
650 |a PARTICIPACION SOCIAL  
650 |a ENCUESTAS  
650 |a METODOLOGIA  
650 |a INDICADORES SOCIALES  
650 |a COMPOSICION FAMILIAR  
700 |a Hernández F, Daniel  
773 |g volumen 14, número 2; páginas 383-409  
999 |c 35954  |d 35954